00809nam a2200265Ia 4500001001400000003000900014005001700023008004100040020001500081040002300096050001600119100002500135245010100160260007300261490004400334650003500378650001300413650001900426700003400445887001600479888000900495942001500504945000700519999001700526AUWbook000803BDCtgAUW20260406154922.0220908s9999 xx 000 0 eng d a0937694398 aBDCtgAUWcBDCtgAUW aDS119.7.R641 aRokach, Livia.96733 0aIsrael's sacred terrorism :bstudy based on moshe sharett's personal diary and other documents / aBelmont :bAssociation of Arab-American University Graduates,c1982.1 aAAUG information paper series ;vno. 23 0aArabxIsraeli conflict.979238 0aHistory. 0aWorld history.1 aChomsky, Noam (Intro.).96737 a BRAC22982 22982 cBK002lcc cBK c16887d16887